000 00280nam a22001217a 4500
020 _a9789251061015
022 _a20714505
040 _cDLC
082 _aFAO ECO 2008 C227 Or.
245 _aECONOMICS FOR MARKET-ORIENTED FARMING
260 _aPhnom Penh
_bRUA
_c2008
942 _cREC
999 _c21355
_d21355